Abbreviations - A - Statistics

General Stats
  • This quiz has been taken 14 times
  • The average score is 5 of 10
Answer Stats
Abbreviation Full Meaning % Correct
ASAP As Soon As Possible
100%
AKA Also Known As
92%
AI Artificial Intelligence
85%
AC Air Conditioning
77%
AFK Away From Keyboard
54%
ATM Automated Teller Machine
38%
AP Advanced Placement
23%
AU Astronomical Unit
23%
ABBA Agnetha, Björn, Benny, Anni-Frid
8%
AM Ante Meridiem
8%
No matching quizzes found
Score Distribution
Percent of People with Each Score
Percentile by Number Answered
Your Score History
You have not taken this quiz